| 000 | 00625nam a2200205Ia 4500 | ||
|---|---|---|---|
| 005 | 20241216011307.0 | ||
| 008 | 190429s9999||||xx |||||||||||||| ||und|| | ||
| 082 |
_a666.7 _bR786 |
||
| 100 | _aRUPAY GUERE FELIPE | ||
| 245 | 0 | _aPROYECTO DE INSTALACION DE UNA PLANTA DE LADRILLOS REFRACTARIOS DE SILICE | |
| 250 | _a0 | ||
| 260 |
_aCERRO DE PASCO-PERU _bUNDAC _c1980 |
||
| 300 |
_a178 pag. _c30 cm. |
||
| 341 | _h0 | ||
| 490 |
_v0 _a0 |
||
| 505 | _aMERCADO/MANUFACTURA/PLANTA/SISTEMA DE COCCION/EQUIPOS/DISEÑO | ||
| 541 |
_aD _bRUPAY GUERE, FELIPE _d07-Jul-03 _oSoles |
||
| 650 | _aIngenieria Metalurgica | ||
| 942 | _cTESIS | ||
| 999 |
_c37934 _d37934 |
||